<?xml version="1.0" encoding="UTF-8"?>
<collection xmlns="http://www.loc.gov/MARC21/slim">
<record>
  <controlfield tag="001">306676</controlfield>
  <controlfield tag="005">20240928181402.0</controlfield>
  <datafield tag="035" ind1=" " ind2=" ">
    <subfield code="a">G:(GEPRIS)5442396</subfield>
  </datafield>
  <datafield tag="024" ind1="7" ind2=" ">
    <subfield code="a">G:(GEPRIS)5442396</subfield>
    <subfield code="d">5442396</subfield>
  </datafield>
  <datafield tag="040" ind1=" " ind2=" ">
    <subfield code="a">GEPRIS</subfield>
    <subfield code="c">http://gepris.its.kfa-juelich.de</subfield>
  </datafield>
  <datafield tag="150" ind1=" " ind2=" ">
    <subfield code="a">Analyse von Wirtsfaktoren hinsichtlich der HCV-Rekombination und Pathogenese</subfield>
    <subfield code="y">2005 - 2013</subfield>
  </datafield>
  <datafield tag="371" ind1=" " ind2=" ">
    <subfield code="a">Professor Dr. Friedrich A. Grässer</subfield>
  </datafield>
  <datafield tag="450" ind1=" " ind2=" ">
    <subfield code="a">DFG project G:(GEPRIS)5442396</subfield>
    <subfield code="w">d</subfield>
    <subfield code="y">2005 - 2013</subfield>
  </datafield>
  <datafield tag="510" ind1="1" ind2=" ">
    <subfield code="a">Deutsche Forschungsgemeinschaft</subfield>
    <subfield code="0">I:(DE-588b)2007744-0</subfield>
    <subfield code="b">DFG</subfield>
  </datafield>
  <datafield tag="550" ind1=" " ind2=" ">
    <subfield code="0">G:(GEPRIS)5397647</subfield>
    <subfield code="a">KFO 129: Mechanismen der Resistenzentwicklung und Optimierung antiviraler Strategien bei Hepatitis C Virusinfektion unter Einbeziehung integrativer Modelle der Biomathematik und Bioinformatik</subfield>
    <subfield code="w">t</subfield>
  </datafield>
  <datafield tag="680" ind1=" " ind2=" ">
    <subfield code="a">Ziel dieses Teilprojektes ist es, grundlegende Eigenschaften der Rekombination bei HCV zu analysieren und deren Bedeutung für die Entstehung Medikamentenresistenter Virusvarianten abzuschätzen. Das Projekt beinhaltet drei Teilbereiche, (1) die Analyse der Cross-over Regionen der Rekombination, (2) die Analyse von Wirtsfaktoren, die die Rekombinationsfrequenz beeinflussen können und (3) den Aufbau HCV-Patienten-spezifischer Zellkultursysteme zur Analyse von Wirtsfaktoren, die den HCV-Infektionsprozess beeinflussen.</subfield>
  </datafield>
  <datafield tag="909" ind1="C" ind2="O">
    <subfield code="o">oai:juser.fz-juelich.de:973551</subfield>
    <subfield code="p">authority:GRANT</subfield>
    <subfield code="p">authority</subfield>
  </datafield>
  <datafield tag="980" ind1=" " ind2=" ">
    <subfield code="a">G</subfield>
  </datafield>
  <datafield tag="980" ind1=" " ind2=" ">
    <subfield code="a">AUTHORITY</subfield>
  </datafield>
  <datafield tag="909" ind1="C" ind2="O">
    <subfield code="o">oai:juser.fz-juelich.de:973551</subfield>
  </datafield>
</record>
</collection>